Objekt športového areálu Mladá garda
Saved in:
| Main Author: | |
|---|---|
| Other Authors: | |
| Format: | Manuscript Book |
| Language: | Slovak |
| Published: |
Bratislava
2019
|
| Subjects: | |
| Online Access: | http://is.stuba.sk/zp/portal_zp.pl?podrobnosti=146871 |
| Tags: |
No Tags, Be the first to tag this record!
|
MARC
| LEADER | 00000ntm a22000003a 4500 | ||
|---|---|---|---|
| 001 | stuzp72970 | ||
| 003 | SK-STU | ||
| 005 | 20200908081442.3 | ||
| 007 | ta | ||
| 008 | 150427s2015----xo-----f-mn---000-0-slo-d | ||
| 040 | |a STU |b slo | ||
| 041 | 0 | |a slo | |
| 100 | 1 | |a Antolík, Jakub |u 052120 |k Z4 |4 aut |U FAD Fakulta architektúry |T FA Ústav ekologickej a experimentálnej architektúry |X 65288 |U A2120 |Y 393 |7 65288 | |
| 242 | 0 | 1 | |a Sports area Building in Mlada garda |y eng |
| 245 | 1 | 0 | |a Objekt športového areálu Mladá garda |
| 260 | |c 2019 |a Bratislava | ||
| 650 | 4 | |a športová hala |2 slo | |
| 650 | 4 | |a Mladá garda |2 slo | |
| 650 | 4 | |a bežecký tunel |2 slo | |
| 650 | 4 | |a Sports hall |2 eng | |
| 650 | 4 | |a Mlada garda |2 eng | |
| 650 | 4 | |a running tunnel |2 eng | |
| 700 | 1 | |a Varga, Tibor |u 052120 |k Z1 |4 ths |U FAD Fakulta architektúry |T FA Ústav ekologickej a experimentálnej architektúry |X 337 |U A2120 |Y 393 |7 A000000337 | |
| 856 | 4 | |u http://is.stuba.sk/zp/portal_zp.pl?podrobnosti=146871 |u https://opac.crzp.sk/?fn=detailBiblioForm&sid=BCA102CB6C4CA54D4FE6A275C35B | |